El derecho real de habitación del cónyuge supérstite desde una mirada constitucional-convencional / (Registro nro. 6210)
[ vista simple ]
| 000 -LEADER | |
|---|---|
| fixed length control field | 01027nab a22002297a 4500 |
| 003 - CONTROL NUMBER IDENTIFIER | |
| control field | OSt |
| 005 - DATE AND TIME OF LATEST TRANSACTION | |
| control field | 20260125225910.0 |
| 008 - FIXED-LENGTH DATA ELEMENTS--GENERAL INFORMATION | |
| fixed length control field | 190514b xxu||||| |||| 00| 0 spa d |
| 040 ## - CATALOGING SOURCE | |
| Transcribing agency | PJ |
| 100 ## - MAIN ENTRY--PERSONAL NAME | |
| 9 (RLIN) | 6937 |
| Personal name | Mansilla, Emmanuel |
| 245 13 - TITLE STATEMENT | |
| Title | El derecho real de habitación del cónyuge supérstite desde una mirada constitucional-convencional / |
| Statement of responsibility, etc | Emmanuel Mansilla. |
| 300 ## - PHYSICAL DESCRIPTION | |
| Extent | p. 22-28 |
| 500 ## - GENERAL NOTE | |
| General note | Cita: TR LALEY AR/DOC/1516/2024. |
| 505 ## - FORMATTED CONTENTS NOTE | |
| Formatted contents note | Sumario: I. Situación fáctica.— II. Fundamentos del tribunal.— III. Comentario.— IV. Conclusión. |
| 505 ## - FORMATTED CONTENTS NOTE | |
| Title | Fallo comentado: CNCiv., sala G ~ 29/12/2023 ~ V., F. D. c. DE V., S. I. s/ partición de herencia. |
| 650 #0 - SUBJECT ADDED ENTRY--TOPICAL TERM | |
| 9 (RLIN) | 967 |
| Topical term or geographic name as entry element | DERECHO DE FAMILIA |
| 650 #0 - SUBJECT ADDED ENTRY--TOPICAL TERM | |
| 9 (RLIN) | 1821 |
| Topical term or geographic name as entry element | DERECHOS REALES |
| 650 #0 - SUBJECT ADDED ENTRY--TOPICAL TERM | |
| 9 (RLIN) | 6209 |
| Topical term or geographic name as entry element | CÓNYUGE SUPERSTITE |
| 650 #0 - SUBJECT ADDED ENTRY--TOPICAL TERM | |
| 9 (RLIN) | 1057 |
| Topical term or geographic name as entry element | JURISPRUDENCIA APLICABLE |
| 773 0# - HOST ITEM ENTRY | |
| Host Biblionumber | 2844 |
| Host Itemnumber | 3222 |
| Place, publisher, and date of publication | Buenos Aires : AbeledoPerrot, 1989- |
| Title | Derecho de familia. Revista Interdisciplinaria de doctrina y jurisprudencia. Agosto 2024-IV. |
| International Standard Book Number | 18511201 |
| 942 ## - ADDED ENTRY ELEMENTS (KOHA) | |
| Source of classification or shelving scheme | |
| Koha item type | Analítica Artículo de Revista |
No hay ítems disponibles.
